000 00693nam a2200253Ia 4500
003 OSt
005 20220924122434.0
006 a|||||r|||| 00| 0
007 ta
008 220923b |||||||| |||| 00| 0 urd d
020 _c4.50
024 _a322319
037 _cTextual
040 _aARTS
_cARTS
_burd
041 _2urd
_aurd
082 _aT4, 168K4
100 _aGorsen Roser H. Au.
_9189517
245 0 _aCollege ki taleem
260 _aLahore
_bUrdu markaz Pakistan
_c1964
650 _aHIGHER EDUCATION
700 _a Usman Mohammad Tr.
_9189518
942 _hT4, 168K4
_cTEXL
_2CC
999 _c411649
_d411649